|
|
|
|
| LEADER |
01142nam a2200313 a 4500 |
| 001 |
2563629 |
| 008 |
1006324s1996 enk b 000 1 eng d |
| 010 |
|
|
|a \\\95072351
|
| 020 |
|
|
|a 0140434143
|
| 040 |
|
|
|a DLC
|c DLC
|d BD-DhAAL
|
| 082 |
0 |
0 |
|a 823/.7
|2 21
|
| 100 |
1 |
|
|a Austen, Jane,
|d 1775-1817.
|
| 245 |
1 |
0 |
|a Mansfield Park /
|c Jane Austen ; edited with an introduction and notes by Kathryn Sutherland.
|
| 260 |
|
|
|a London ;
|a New York :
|b Penguin Books,
|c 1996.
|
| 300 |
|
|
|a xliii, 431 p. ;
|c 20 cm.
|
| 490 |
0 |
|
|a Penguin classics
|
| 504 |
|
|
|a Includes bibliographical references (p. xxxvi-[xxxix]).
|
| 541 |
1 |
|
|e 00011965
|
| 650 |
|
0 |
|a Young women
|x Fiction.
|
| 650 |
|
0 |
|a Children of the rich
|v Fiction.
|
| 650 |
|
0 |
|a Country homes
|v Fiction.
|
| 650 |
|
0 |
|a Adoptees
|v Fiction.
|
| 650 |
|
0 |
|a Cousins
|v Fiction.
|
| 650 |
|
0 |
|a Uncles
|v Fiction.
|
| 651 |
|
0 |
|a England
|v Fiction.
|
| 700 |
1 |
|
|a Sutherland, Kathryn.
|
| 852 |
4 |
|
|a Ayesha Abed Library
|j General Shelf
|
| 999 |
|
|
|c 9085
|d 9085
|
| 952 |
|
|
|0 0
|1 1
|2 ddc
|4 0
|6 823_700000000000000_AUS
|7 0
|9 11252
|a BRACUL
|b BRACUL
|c GEN
|d 2010-06-24
|g 6.95
|l 0
|o 823.7 AUS
|p 3010011965
|r 2010-06-24
|t 1
|w 2010-06-24
|y BK
|x $6.95
|